000
00201nam a22000857a 4500
008
170624b xxu||||| |||| 00| 0 eng d
100
_9
3651
_a
NCERT
245
_a
Elementary level 2005
260
_a
NCERT
_b
2006
999
_c
7049
_d
7049